Foreign trade and commerce in ancient India (Record no. 351700)

000 -LEADER
fixed length control field 00377cam a22001217a 4500
008 - FIXED-LENGTH DATA ELEMENTS--GENERAL INFORMATION
fixed length control field 180718b1977 xxu||||| |||| 00| 0 eng d
082 ## - DEWEY DECIMAL CLASSIFICATION NUMBER
Classification number T39x54 P886
100 ## - MAIN ENTRY--PERSONAL NAME
Personal name Prasad, Prakash Charan
245 ## - TITLE STATEMENT
Title Foreign trade and commerce in ancient India
Statement of responsibility, etc. by Prakash Charan Prasad
260 ## - PUBLICATION, DISTRIBUTION, ETC.
Place of publication, distribution, etc. New Delhi
Name of publisher, distributor, etc. Abhinav
Date of publication, distribution, etc. 1977
300 ## - PHYSICAL DESCRIPTION
Extent 255p.
650 ## - SUBJECT ADDED ENTRY--TOPICAL TERM
Topical term or geographic name entry element Foreign commerce - India - 100 A.D.
Holdings
Withdrawn status Lost status Damaged status Not for loan Permanent Location Current Location Date acquired Full call number Barcode Date last seen Price effective from Koha item type
        Indian Institute of Public Administration Indian Institute of Public Administration 1993-11-16 T39x54 P886 55585 2018-07-21 2018-07-21 Book

Powered by Koha